[Event "NOR-ch Elite 2017"]
[Site "Stavanger"]
[Date "2017.07.08"]
[Round "9"]
[White "Gandrud, Vegar Koi"]
[Black "Kaasen, Tor Fredrik"]
[Result "1-0"]
[WhiteElo "2330"]
[BlackElo "2409"]
[Annotator "TA"]
[PlyCount "159"]
[EventDate "2017.??.??"]
[EventType "swiss"]
[EventCountry "NOR"]
[SourceTitle "playchess.com"]
[Source "ChessBase"]
[SourceQuality "1"]

{[%evp 19,159,19,41,14,28,-7,0,-12,0,0,0,0,0,-36,-37,-30,-47,-45,-17,-25,-26,0,0,0,20,0,8,5,31,31,117,117,117,117,154,130,112,82,64,80,120,127,105,64,123,100,109,72,72,79,79,80,229,222,207,215,213,209,178,128,89,112,83,31,94,92,107,105,114,114,85,60,54,47,177,177,180,179,353,362,513,512,633,627,681,671,670,665,558,568,774,718,693,596,847,625,991,880,4185,2623,4762,4762,4762,4713,4630,4631,4630,4622,4622,4598,3635,2717,2160,1596,1374,1311,4618,4363,12771,12782,6087,6011,4610,4133,29977,29978,29981,29982,29982,29982,29982,29983,29983,29984,29984,29985,29985,29984,29984,29985,29997,29998]} 1. d4 Nf6 2. c4 e6 3. Nf3 b6 4. g3 Bb7 5. Bg2 Be7 6. O-O O-O 7. Nc3 Ne4 8. Bd2 Nxd2 9. Qxd2 d6 10. e4 {E18: Queen's Indian: Old Main Line (4 g3 Bb7 5 Bg2 Be7 6 0-0 0-0 7 Nc3)} (10. b4 Nd7 11. Rfd1 a5 12. b5 Bf6 13. Rac1 Qe7 14. e3 g6 15. Ne1 Bxg2 16. Kxg2 Bg7 17. Nd3 f5 {1-0 (34) Markus,R (2649)-Beliavsky,A (2605) Hungary 2017}) 10... Nd7 {LiveBook: 12 Games} 11. h4 e5 12. d5 {White has an edge.} a5 $146 ({Predecessor:} 12... Nf6 13. Bh3 Bc8 14. Bxc8 Qxc8 15. Kg2 Nh5 16. Nh2 f5 17. Qe2 Qe8 18. exf5 Rxf5 {½-½ (33) Bonin,J (2390)-Goregliad,S (2300) Long Island 1998}) 13. Nh2 Nc5 14. Bh3 Bc8 15. Bxc8 Qxc8 16. Qe2 f5 17. exf5 Qxf5 18. Rae1 Qg6 19. Qg4 Qxg4 20. Nxg4 Rf3 21. Re3 Raf8 (21... Rf7 {feels hotter.} 22. Nh2 Raf8 23. Kg2 g6 24. b3 h5) 22. Kg2 $36 {[%mdl 2048] White fights for an advantage.} Rxe3 (22... R3f7 {seems wilder.} 23. Nh2 g6 24. b3 h5 25. Nf3 Kg7) 23. fxe3 Ra8 24. Nf2 g5 ({Black should play} 24... h5 $14) 25. h5 $1 $16 Kg7 26. g4 a4 27. Nce4 Rb8 28. Nxc5 bxc5 {[%mdl 4096] Endgame KRB-KRN} 29. Rb1 $1 Kf7 30. Ne4 Rb4 31. b3 Ke8 (31... axb3 $14 32. axb3 Ke8) 32. Kf3 Kd7 33. Nc3 axb3 34. axb3 Rb8 35. Ke4 Rf8 (35... Ra8 $16 {keeps fighting.}) 36. Nb5 $18 Rf2 37. Na7 Rg2 38. Kf3 $1 {[%cal Rf3g2]} Rh2 39. Nc6 Rh3+ 40. Kf2 $1 e4 41. Rf1 (41. b4 $16) 41... Ke8 (41... Rf3+ $14 42. Ke2 Rxf1 43. Kxf1 Bf6) 42. Ra1 $1 $16 Rh2+ {[#]} 43. Kg1 $1 Re2 {[#]} 44. Ra8+ $1 Kf7 45. Rc8 Bf6 46. Rxc7+ Kg8 (46... Ke8 $1 $14) 47. Rd7 $18 Rxe3 48. Rxd6 Bd4 $2 (48... Rf3 49. Re6 Kf7 50. Ne5+ (50. Rxe4 Rxb3 51. Kf2 h6 $16) 50... Bxe5) 49. Re6 Kf7 (49... Rg3+ {was called for.} 50. Kh2 Rxb3 51. Nxd4 (51. Rxe4 Bf6 $18) 51... cxd4 52. Rxe4 d3) 50. Re7+ Kf8 51. d6 Rd3+ 52. Nxd4 Rxd4 53. Rxh7 {Hoping for d7.} Rxd6 {KR-KR} 54. Rc7 Rd3 55. Rxc5 Rg3+ 56. Kf2 Rxg4 57. Ke3 Ke7 58. b4 Kd6 59. h6 Rh4 60. Rxg5 Rxh6 61. Kxe4 Rh4+ 62. Kd3 Rh3+ 63. Kc2 Kc6 64. Rc5+ Kb6 65. Rd5 Kc6 66. Rd3 Rh1 67. Kc3 Rg1 68. b5+ {[%cal Bb4b5,Bb5b6][%mdl 32]} Kc7 69. Kb4 Rg5 70. Rd4 Rg1 71. Kc5 Rg6 {[#]} 72. b6+ $1 {White mates.} Kb7 (72... Rxb6 73. Rd7+) 73. Rd7+ Kc8 74. Rc7+ Kb8 75. Kb5 Rg1 76. c5 Rb1+ 77. Kc6 Rg1 78. Rh7 Rg6+ 79. Kb5 Rg1 80. Rh8+ {Precision: White = 74%, Black = 31%.} 1-0

[Event "NOR-ch Elite 2017"]
[Site "Stavanger"]
[Date "2017.07.08"]
[Round "9"]
[White "Moen, Andreas"]
[Black "Tryggestad, Andreas Garberg"]
[Result "1-0"]
[WhiteElo "2329"]
[BlackElo "2324"]
[Annotator "TA"]
[PlyCount "110"]
[EventDate "2017.??.??"]
[EventType "swiss"]
[EventCountry "NOR"]
[SourceTitle "playchess.com"]
[Source "ChessBase"]
[SourceQuality "1"]

{[%evp 11,110,23,42,23,20,21,29,28,26,20,28,29,14,17,20,15,127,79,161,161,174,110,109,112,125,128,121,104,156,155,159,155,148,146,147,145,160,152,166,169,169,112,196,143,279,281,333,330,330,325,318,325,316,303,289,245,12818,11502,5808,5804,2520,2400,1552,1537,12835,11606,12841,12842,12842,12842,12850,29961,12851,29962,12851,29963,12851,29965,29963,29965,29966,29965,29966,29966,29966,29967,29967,29967,29969,29969,29970,29971,29971,29970,29969,29971,29971,29972,29973,29974,29978]} 1. e4 c5 2. Nf3 e6 3. d4 cxd4 4. Nxd4 Nc6 5. Nc3 Qc7 6. Be2 Nf6 7. Ndb5 {B47: Sicilian: Taimanov: 5 Nc3 Qc7 6 f4, 6 g3 and 6 Be2} (7. O-O Be7 8. Be3 O-O 9. f4 d6 10. Kh1 Nxd4 11. Qxd4 b6 12. f5 Bb7 13. fxe6 fxe6 14. Qc4 Qxc4 15. Bxc4 Kf7 {½-½ (15) Perunovic,M (2611)-Ivanisevic,I (2630) Kragujevac 2017}) 7... Qb8 $1 8. f4 a6 {[%cal Ba7a6,Ba6b5,Bb5b4][%mdl 32]} 9. e5 {White has an edge.} axb5 10. exf6 b4 $146 {[%cal Rb4c3]} ({Predecessor:} 10... gxf6 11. Nxb5 Rg8 12. Be3 Rxg2 13. Bf3 Rg6 14. Bb6 Ra4 {½-½ (39) Kruk,S (2121)-Rekhtman,P (2114) ICCF email 2013}) 11. fxg7 Bxg7 12. Nb5 d5 13. O-O f5 (13... O-O $1 $11) 14. Be3 {Strongly threatening Bb6.} d4 (14... O-O $16 {was necessary.}) 15. Bh5+ $18 ({Don't play} 15. Bxd4 $6 Nxd4 16. Nxd4 Qd6 $14) 15... Ke7 16. Nxd4 (16. Bd2 $1 $18) 16... Nxd4 17. Bxd4 Bxd4+ 18. Qxd4 Qa7 19. Rfd1 $40 {[%mdl 128] Black is in trouble.} Rd8 (19... Bd7 $142) 20. Qxa7 $16 Rxa7 21. Rxd8 Kxd8 {[%mdl 4096] Endgame KRB-KRB} 22. Be2 Bd7 23. Bc4 Ke7 24. Rd1 Ra8 25. Kf2 Bc6 26. Rd4 (26. Bb3 $18) 26... Ba4 (26... h5 $16 {might work better.} 27. h4 Be4) 27. Bb3 $18 Bxb3 (27... Bc6 $16 28. g3 (28. Rxb4 Rd8 $16) 28... h5 29. Rxb4 h4) 28. axb3 $16 {KR-KR} Ra2 29. Rxb4 Rxb2 30. Rxb7+ Kd6 31. Rxh7 Rxc2+ 32. Kg3 $1 Rc3+ {[#]} 33. Kh4 $1 Rxb3 $2 (33... Rc2 34. Rg7 e5) 34. Kg5 $18 Rb8 35. Kf6 Rf8+ 36. Kg7 Ra8 37. Rh8 Ra2 38. Kf6 Rxg2 {[#]} 39. Rd8+ $1 Kc7 40. Rd4 Rxh2 41. Kxe6 Rh5 42. Kf6 Kc6 43. Kg6 Rh8 44. Kxf5 Kc5 {White mates.} 45. Rd7 Kc6 46. Rf7 Kd6 47. Kf6 Rh6+ 48. Kg5 Rh8 49. f5 Re8 50. Kf6 Rg8 51. Ra7 Rg4 52. Re7 Rh4 53. Re1 Kd7 54. Kf7 Kd6 55. f6 Kd5 {Precision: White = 85%, Black = 30%.} 1-0

[Event "NOR-ch Elite 2017"]
[Site "Stavanger"]
[Date "2017.07.08"]
[Round "9"]
[White "Aulin-Jansson, Joran"]
[Black "Risting, Eivind Olav"]
[Result "0-1"]
[WhiteElo "2267"]
[BlackElo "2307"]
[Annotator "TA"]
[PlyCount "52"]
[EventDate "2017.??.??"]
[EventType "swiss"]
[EventCountry "NOR"]
[SourceTitle "playchess.com"]
[Source "ChessBase"]
[SourceQuality "1"]

{[%evp 9,52,-22,-5,-26,-16,-72,-68,-54,-56,-91,-77,-77,-81,-71,-79,-366,-378,-345,-298,-278,-283,-262,-227,-237,-233,-219,-211,-210,-183,-270,-259,-812,-814,-758,-570,-717,-690,-839,-835,-790,-556,-997,-987,-1165,-1154]} 1. d4 Nf6 2. Nf3 c5 3. d5 b5 4. c4 g6 5. b3 (5. Qc2 bxc4 6. e4 Bg7 7. Bxc4 d6 8. O-O O-O 9. h3 Ba6 10. Nbd2 Nfd7 11. Rb1 Nb6 12. b3 Nxc4 13. bxc4 Qa5 14. Rb3 Qa4 15. Bb2 Bxb2 16. Rxb2 Qxc2 17. Rxc2 Nd7 {0-1 (36) Mamedyarov,S (2764)-Ivanchuk,V (2766) Beijing 2012}) 5... Bg7 {Threatens to win with ...Ng8.} 6. Bb2 {A57: Benko/Volga Gambit} O-O 7. Qc2 (7. e3 $11) 7... bxc4 $17 8. bxc4 {Black is slightly better.} d6 9. e4 Na6 10. a3 Rb8 11. Bc3 {[#]} Nxe4 $1 {[%mdl 512] ...Rxb1+! is the strong threat.} 12. Qxe4 $146 {[%mdl 8192] [#]} (12. Bxg7 $17 {only move.} Kxg7 13. Bd3 Qa5+ 14. Nbd2 Nxd2 15. Nxd2) ({Predecessor:} 12. Bxg7 Kxg7 13. Bd3 Qa5+ 14. Nbd2 Nxd2 15. Nxd2 {0-1 (34) Vecseri,J (2061)-Pap,M (2409) Senta 2006}) 12... Rxb1+ $1 $19 {[%mdl 512]} 13. Qxb1 (13. Rxb1 Bxc3+) 13... Bxc3+ 14. Nd2 Bf5 ({Don't take} 14... Bxa1 15. Qxa1 e6 16. dxe6 $17) 15. Qc1 Bxa1 16. Qxa1 Qa5 {Hoping for ...Nb4!} 17. Qc1 Rb8 18. Ke2 Qb6 19. f3 (19. h3 {is a better defense.}) 19... Qb2 20. Kd1 $2 (20. Qxb2 Rxb2 21. g4) 20... Qd4 {Black is clearly winning.} 21. g4 Bd7 22. Ke1 Rb2 23. Bd3 Qe3+ 24. Be2 Qxa3 25. Ne4 Nb4 26. h4 Nc2+ {Precision: White = 34%, Black = 77%.} 0-1

[Event "NOR-ch Elite 2017"]
[Site "Stavanger"]
[Date "2017.07.08"]
[Round "9"]
[White "Machlik, Endre"]
[Black "Lovik, Lasse Ostebo"]
[Result "1/2-1/2"]
[WhiteElo "2157"]
[BlackElo "2400"]
[Annotator "TA"]
[PlyCount "28"]
[EventDate "2017.??.??"]
[EventType "swiss"]
[EventCountry "NOR"]
[SourceTitle "playchess.com"]
[Source "ChessBase"]
[SourceQuality "1"]

{[%evp 15,16,0,0]} 1. d4 Nf6 2. c4 e6 3. Nc3 Bb4 4. Qc2 d5 5. a3 Bxc3+ 6. Qxc3 dxc4 7. Qxc4 b6 {E36: Nimzo-Indian: Classical: 4...d5 5 a3} 8. Bg5 Ba6 {LiveBook: 10 Games} {Predecessor:} 9. Qa4+ $146 Qd7 10. Qxd7+ Nbxd7 11. Rc1 c5 12. Bxf6 gxf6 13. Nf3 Ke7 14. e3 Bb7 {½-½ (24) Dvirnyy,D (2552)-Bartel,M (2653) Gjakova 2016} 1/2-1/2